| 000 | 00482nam a2200133 a 4500 | ||
|---|---|---|---|
| 008 | 080109s1961 ||||||||||||||||| || u | ||
| 050 | _aQ 125 Sci | ||
| 100 | _aGruber, Ruth | ||
| 245 | 1 | 0 |
_aScience and the new nations _cedited by Ruth Gruber |
| 260 |
_aNew York _bPyramid Books _c1961 |
||
| 300 | _aix, 373p. | ||
| 350 | _a0.00 | ||
| 995 |
_D0.00 _FCBU-MAIN LIBRARY (Kitwe) _H1 _I2.00 _M1 _UAVAILABLE _ZAnnex Low-Usage Collection |
||
| 999 |
_c57092 _d57092 |
||